| 000 | 00511nam a2200181Ia 4500 | ||
|---|---|---|---|
| 008 | 131103s9999 xx 000 0 und d | ||
| 040 | _aLoreto College | ||
| 041 | _aEnglish | ||
| 082 |
_a824.63/BRO _bLCLIB/1753 |
||
| 100 | _aBronson, Bertrand | ||
| 245 |
_aJohnson Agonistes & other essays _cBertrand H Bronson |
||
| 260 |
_aCambridge _bCambridge University Press _c1946 |
||
| 300 |
_a156p. _c 21cm. |
||
| 504 | _aIncludes notes | ||
| 650 | _aEnglish essays | ||
| 850 | _aLCLIB/824.63/BRO | ||
| 942 | _cBK | ||
| 999 |
_c22450 _d72929 |
||